[Event "Staufer op 26th"]
[Site "Schwaebisch Gmuend"]
[Date "2014.01.04"]
[Round "5"]
[White "Schackmann, Oliver"]
[Black "Dimitrijevic, Aleksandra"]
[Result "1/2-1/2"]
[WhiteElo "1928"]
[BlackElo "2276"]
[PlyCount "47"]
[EventDate "2014.01.02"]
[EventType "swiss"]
[EventRounds "9"]
[EventCountry "GER"]
[SourceTitle "CBM 158 Extra"]
[Source "ChessBase"]
[SourceDate "2014.02.28"]
[SourceVersion "1"]
[SourceVersionDate "2014.02.28"]
[SourceQuality "1"]

1. e4 c5 2. Nf3 Nc6 3. Bb5 Nd4 4. Nxd4 cxd4 5. 0-0 e6 6. d3 a6 7. Bc4 b5 8. Bb3 Ne7 9. Nd2 Bb7 10. Nf3 Nc6 11. Bf4 Bc5 12. c3 0-0 13. Rc1 Qb6 14. cxd4 Nxd4 15. Nxd4 Bxd4 16. Qd2 Rac8 17. Be3 f5 18. exf5 Rxf5 19. Bxd4 Qxd4 20. Qe3 Qxe3 21. Rxc8+ Bxc8 22. fxe3 Rxf1+ 23. Kxf1 Bb7 24. e4 1/2-1/2

[Event "Bayernliga U20 1314"]
[Site "Bayern"]
[Date "2013.11.16"]
[Round "1.3"]
[White "Obermeier, Johannes"]
[Black "Schackmann, Oliver"]
[Result "0-1"]
[WhiteElo "1611"]
[BlackElo "2077"]
[PlyCount "102"]
[EventDate "2013.11.16"]
[EventType "team-tourn"]
[EventRounds "7"]
[EventCountry "GER"]
[SourceTitle "EXT 2022"]
[Source "ChessBase"]
[SourceDate "2021.10.06"]
[SourceVersion "1"]
[SourceVersionDate "2021.10.06"]
[SourceQuality "1"]
[WhiteTeam "Kelheim SK U20"]
[BlackTeam "Vaterstetten SC U20"]
[WhiteTeamCountry "GER"]
[BlackTeamCountry "GER"]

1. e4 e5 2. Nf3 Nc6 3. Bc4 Bc5 4. c3 Nf6 5. d4 exd4 6. cxd4 Bb4+ 7. Bd2 Bxd2+ 8. Nbxd2 d5 9. exd5 Nxd5 10. Qb3 Nce7 11. a4 0-0 12. 0-0 c6 13. a5 a6 14. Ne4 h6 15. Ra3 Qc7 16. Rc1 Qf4 17. Re1 Rd8 18. Ne5 f6 19. Qb6 Be6 20. Rf3 Qh4 21. Bxd5 Nxd5 22. Ng6 Qg4 23. Rg3 Nxb6 24. Rxg4 Bxg4 25. axb6 Kf7 26. Nf4 Rxd4 27. f3 Bf5 28. Ne2 Rd5 29. N2c3 Bxe4 30. Nxe4 Rad8 31. Kf2 Rb5 32. Re2 Rxb6 33. Nc5 Rb5 34. Rc2 f5 35. g4 fxg4 36. fxg4 Rd5 37. Ne4 Rb4 38. Kf3 Rd3+ 39. Kf4 Rdd4 40. Re2 g5+ 41. Kf3 Rxe4 42. Rxe4 Rxe4 43. Kxe4 Ke6 44. h3 c5 45. b3 b5 46. Kd3 Kd5 47. Kc3 c4 48. b4 Ke4 49. Kc2 Kd4 50. Kd2 c3+ 51. Kc2 Kc4 0-1

[Event "Bayern-chI Bank Hofmann 17th"]
[Site "Bad Wiessee"]
[Date "2013.10.26"]
[Round "1"]
[White "Schackmann, Oliver"]
[Black "Deglmann, Ludwig"]
[Result "1/2-1/2"]
[WhiteElo "1907"]
[BlackElo "2351"]
[PlyCount "70"]
[EventDate "2013.10.26"]
[EventType "swiss"]
[EventRounds "9"]
[EventCountry "GER"]
[SourceTitle "EXT 2014"]
[Source "ChessBase"]
[SourceDate "2013.11.20"]
[SourceVersion "1"]
[SourceVersionDate "2013.11.20"]
[SourceQuality "1"]

1. e4 c5 2. Nf3 Nc6 3. Bb5 g6 4. c3 Nf6 5. e5 Nd5 6. 0-0 Bg7 7. d4 cxd4 8. cxd4 0-0 9. Nc3 Nxc3 10. bxc3 d5 11. Bxc6 bxc6 12. Ba3 Re8 13. Qa4 Bg4 14. Bc5 Bxf3 15. gxf3 Qd7 16. Kg2 f6 17. exf6 Bxf6 18. Qc2 e5 19. Rfe1 e4 20. fxe4 Qg4+ 21. Kh1 dxe4 22. Re3 Bg5 23. Rg3 Qf5 24. f3 Bh4 25. fxe4 Rxe4 26. Rg2 Rae8 27. Rag1 Qf3 28. Bd6 Re1 29. Qb3+ Kg7 30. Be5+ R8xe5 31. dxe5 Rxg1+ 32. Kxg1 Qe3+ 33. Kh1 Qe1+ 34. Rg1 Qe4+ 35. Rg2 Qe1+ 1/2-1/2

[Event "Dresden ZMD op 22nd"]
[Site "Dresden"]
[Date "2013.08.17"]
[Round "8"]
[White "Ditmas, Hugh"]
[Black "Schackmann, Oliver"]
[Result "0-1"]
[WhiteElo "1997"]
[BlackElo "1903"]
[PlyCount "114"]
[EventDate "2013.08.10"]
[EventType "swiss"]
[EventRounds "9"]
[EventCountry "GER"]
[SourceTitle "CBM 155 Extra"]
[Source "ChessBase"]
[SourceDate "2013.08.26"]
[SourceVersion "1"]
[SourceVersionDate "2013.08.26"]
[SourceQuality "1"]

1. d4 d5 2. c4 c6 3. Nf3 Nf6 4. Nc3 dxc4 5. a4 Bf5 6. Ne5 Nbd7 7. Nxc4 Nb6 8. Ne5 a5 9. f3 Nfd7 10. Nxd7 Nxd7 11. e4 Bg6 12. Be3 e6 13. Bc4 Bb4 14. 0-0 Nf6 15. Qb3 0-0 16. Rfd1 Qb8 17. Rac1 Rd8 18. Ne2 e5 19. dxe5 Qxe5 20. Nf4 Qe7 21. Kh1 Rd7 22. Rxd7 Nxd7 23. Qc2 Ne5 24. Bf1 f6 25. Nxg6 Nxg6 26. Bc5 Bxc5 27. Qxc5 Qxc5 28. Rxc5 Kf8 29. g3 Ke7 30. f4 Kd6 31. Rc2 Re8 32. Bd3 Kc7 33. Kg2 Rd8 34. Bc4 Re8 35. Kf3 Re7 36. Rd2 Rd7 37. Rxd7+ Kxd7 38. h4 Kd6 39. Ke3 Kc5 40. b3 b5 41. axb5 cxb5 42. Bg8 h6 43. Bf7 Ne7 44. g4 a4 45. bxa4 bxa4 46. g5 fxg5 47. hxg5 hxg5 48. fxg5 Nc6 49. Kf4 a3 50. Kf5 Ne7+ 51. Kf4 Kd4 52. Ba2 g6 53. Bb3 Nc6 54. Bd5 Nb4 55. Bb3 a2 56. Bxa2 Nxa2 57. e5 Kd5 0-1

[Event "GER-chT U16"]
[Site "Naumburg"]
[Date "2012.12.28"]
[Round "3"]
[White "Nothnagel, Marian Can"]
[Black "Schackmann, Oliver"]
[Result "1-0"]
[WhiteElo "1802"]
[BlackElo "1896"]
[PlyCount "73"]
[EventDate "2012.12.27"]
[EventType "team-swiss"]
[EventRounds "7"]
[EventCountry "GER"]
[SourceTitle "EXT 2014"]
[Source "ChessBase"]
[SourceDate "2013.11.20"]
[SourceVersion "1"]
[SourceVersionDate "2013.11.20"]
[SourceQuality "1"]
[WhiteTeam "Darmstadt Schachforum"]
[BlackTeam "Vaterstetten"]
[WhiteTeamCountry "GER"]
[BlackTeamCountry "GER"]

1. e4 e5 2. Nf3 Nc6 3. Bb5 Nf6 4. 0-0 Be7 5. Re1 d6 6. c3 Bd7 7. d4 0-0 8. Nbd2 Nxd4 9. Nxd4 exd4 10. Bxd7 Nxd7 11. cxd4 Bf6 12. Nf3 g6 13. Bd2 Re8 14. Qc2 b6 15. Qc6 Rc8 16. Bf4 Nb8 17. Qd5 Be7 18. Rac1 c6 19. Qc4 Qd7 20. h3 d5 21. Qd3 dxe4 22. Rxe4 Bf6 23. Rce1 Rxe4 24. Qxe4 Rd8 25. Bh6 Bg7 26. Bxg7 Kxg7 27. Qe5+ Kg8 28. Qf6 Re8 29. Rxe8+ Qxe8 30. Ne5 c5 31. d5 Nd7 32. Nxd7 Qxd7 33. d6 Qa4 34. b3 Qe8 35. Qe7 Qf8 36. Qc7 Qh6 37. d7 1-0

[Event "GER-ch U12"]
[Site "Oberhof"]
[Date "2011.06.17"]
[Round "10"]
[White "Schackmann, Oliver"]
[Black "Moses, Selina"]
[Result "1-0"]
[WhiteElo "1829"]
[BlackElo "1704"]
[PlyCount "109"]
[EventDate "2011.06.11"]
[EventType "swiss"]
[EventRounds "11"]
[EventCountry "GER"]
[SourceTitle "CBM 142 Extra"]
[Source "ChessBase"]
[SourceDate "2011.06.27"]
[SourceVersion "1"]
[SourceVersionDate "2011.06.27"]
[SourceQuality "1"]

1. e4 c5 2. Nc3 Nc6 3. g3 g6 4. Bg2 Bg7 5. f4 d6 6. d3 e6 7. Nf3 Nge7 8. 0-0 0-0 9. h3 Bd7 10. Ne2 Nd4 11. c3 Nxf3+ 12. Rxf3 Qb6 13. Kh2 Bc6 14. Rf1 f5 15. exf5 exf5 16. Bxc6 Nxc6 17. Ng1 d5 18. Nf3 Rae8 19. Re1 d4 20. c4 Qa6 21. Bd2 b5 22. b3 Qb6 23. Qc2 a5 24. Kg2 Nb4 25. Bxb4 axb4 26. Kf2 Re3 27. Rad1 Rfe8 28. Ng1 Qe6 29. Re2 Rxe2+ 30. Qxe2 Qe3+ 31. Qxe3 dxe3+ 32. Ke2 bxc4 33. dxc4 Bd4 34. Nf3 Re4 35. Rd3 Kf7 36. Ng5+ Kf6 37. Nxe4+ fxe4 38. Rd1 Kf5 39. Rf1 h5 40. Rg1 Bc3 41. Rf1 Bd4 42. Rd1 h4 43. gxh4 Kxf4 44. Rg1 Kf5 45. Rg4 Kf6 46. Rxe4 Kf5 47. Rg4 Kf6 48. Rg5 Kf7 49. h5 gxh5 50. Rxh5 Kg6 51. Rd5 Kf6 52. h4 Kg6 53. h5+ Kf6 54. h6 Kg6 55. Rxd4 1-0

[Event "GER-ch U12"]
[Site "Oberhof"]
[Date "2011.06.14"]
[Round "6"]
[White "Schackmann, Oliver"]
[Black "Petrashov, Alexander"]
[Result "1/2-1/2"]
[WhiteElo "1829"]
[BlackElo "1644"]
[PlyCount "36"]
[EventDate "2011.06.11"]
[EventType "swiss"]
[EventRounds "11"]
[EventCountry "GER"]
[SourceTitle "CBM 142 Extra"]
[Source "ChessBase"]
[SourceDate "2011.06.27"]
[SourceVersion "1"]
[SourceVersionDate "2011.06.27"]
[SourceQuality "1"]

1. e4 e6 2. d3 d5 3. Nd2 Nf6 4. Ngf3 dxe4 5. dxe4 Nc6 6. Bc4 Be7 7. 0-0 0-0 8. e5 Nd5 9. Qe2 Nb6 10. Bd3 Nb4 11. Be4 N4d5 12. c3 Nf4 13. Qe3 Nbd5 14. Qe1 Ng6 15. Bc2 Ndf4 16. Qe4 Qd5 17. Re1 Bd7 18. c4 Qc6 1/2-1/2

[Event "GER-ch U12"]
[Site "Oberhof"]
[Date "2011.06.13"]
[Round "4"]
[White "Schackmann, Oliver"]
[Black "Vogel, Roven"]
[Result "1/2-1/2"]
[WhiteElo "1829"]
[BlackElo "1759"]
[PlyCount "42"]
[EventDate "2011.06.11"]
[EventType "swiss"]
[EventRounds "11"]
[EventCountry "GER"]
[SourceTitle "CBM 142 Extra"]
[Source "ChessBase"]
[SourceDate "2011.06.27"]
[SourceVersion "1"]
[SourceVersionDate "2011.06.27"]
[SourceQuality "1"]

1. e4 c6 2. Nf3 d5 3. Nc3 dxe4 4. Nxe4 Bf5 5. Ng3 Bg6 6. h4 h6 7. Ne5 Bh7 8. Qh5 g6 9. Bc4 e6 10. Qf3 Nf6 11. d4 Bg7 12. c3 Nbd7 13. Nxd7 Qxd7 14. Bxh6 Bxh6 15. Qxf6 Rg8 16. Ne4 Bg7 17. Qf3 Qe7 18. 0-0-0 Bh6+ 19. Kb1 0-0-0 20. Ng5 Rg7 21. Qg3 Bg8 1/2-1/2

[Event "GER-ch U12"]
[Site "Oberhof"]
[Date "2011.06.12"]
[Round "1"]
[White "Usczeck, Alina"]
[Black "Schackmann, Oliver"]
[Result "0-1"]
[WhiteElo "1219"]
[BlackElo "1829"]
[PlyCount "116"]
[EventDate "2011.06.11"]
[EventType "swiss"]
[EventRounds "11"]
[EventCountry "GER"]
[SourceTitle "CBM 142 Extra"]
[Source "ChessBase"]
[SourceDate "2011.06.27"]
[SourceVersion "1"]
[SourceVersionDate "2011.06.27"]
[SourceQuality "1"]

1. e4 c5 2. d4 cxd4 3. c3 dxc3 4. Nxc3 e6 5. Bf4 d6 6. Nf3 e5 7. Bd2 Nf6 8. Bc4 h6 9. Qe2 a6 10. 0-0 Be7 11. Rfc1 0-0 12. Nd5 Nxd5 13. Bxd5 Nd7 14. Qe3 Nf6 15. Bb3 b5 16. Ne1 Bb7 17. f3 Qd7 18. Nd3 Rfc8 19. Kf1 Nh5 20. Rc3 Rxc3 21. Bxc3 Bg5 22. Qf2 Nf4 23. Nxf4 Bxf4 24. Rd1 Qc7 25. Bb4 Rd8 26. Qe1 Qb8 27. Kg1 Bg5 28. Qe2 a5 29. Be1 Bc6 30. Kh1 Qc7 31. Qd3 Be7 32. Rc1 Qb6 33. h3 Bb7 34. Rc2 Bf8 35. Rd2 Be7 36. h4 Rc8 37. Rc2 b4 38. Ba4 Rxc2 39. Qxc2 Qc5 40. Qd2 d5 41. exd5 Qxd5 42. Qxd5 Bxd5 43. b3 e4 44. f4 e3 45. Kg1 Be4 46. Kf1 Bd3+ 47. Kg1 Bb1 48. Kf1 Bd3+ 49. Kg1 Bf6 50. Kh2 Bc3 51. Kg1 Bxe1 52. Kh2 Bf2 53. Kh3 e2 54. Bc6 e1Q 55. Kg4 f5+ 56. Kh5 Qe6 57. Bf3 Kh7 58. a3 g6# 0-1